Enterprise integration patterns : designing, building, and deploying messaging solutions

Αποθηκεύτηκε σε:
Λεπτομέρειες βιβλιογραφικής εγγραφής
Κύριος συγγραφέας: Hohpe, Gregor
Άλλοι συγγραφείς: Woolf, Bobby
Μορφή: Βιβλίο
Γλώσσα:English
Δημοσίευση: Boston : Addison-Wesley, c2004
Σειρά:Addison-Wesley signature series
Θέματα:
Ετικέτες: Προσθήκη ετικέτας
Δεν υπάρχουν, Καταχωρήστε ετικέτα πρώτοι!

MARC

LEADER 00000nam a2200000 i 4500
001 1/64961
008 071128s2004 eng d
020 |a 0-321-20068-3 
035 |l 10092632 
040 |a GR-MY-UA  |b gre  |e aacr 
041 0 |a eng 
082 0 |a 005.7136  |2 (22) 
100 1 |a Hohpe, Gregor. 
245 1 0 |a Enterprise integration patterns :  |b designing, building, and deploying messaging solutions /  |c Gregor Hohpe, Bobby Woolf ; with contributions by Kyle Brown ... [κ.ά.]. 
260 |a Boston :   |b Addison-Wesley,   |c c2004 
300 |a li, 683 σ.;  |b εικ.;  |c 24 εκ. 
490 1 |a The Addison-Wesley signature series 
504 |a Βιβλιογραφία: σ. 649-657. Ευρετήριο 
650 0 0 |a Telecommunication  |x Message processing. 
650 0 0 |a Management information systems. 
700 1 |a Woolf, Bobby. 
830 0 |a Addison-Wesley signature series 
852 |a INST  |b SYROS  |e 20071128  |h 005.7136 HOH  |p 005500006869  |q 005500006869  |t BK  |y 0 
901 |a BIBL5-2007-3 
909 |a Ε  |b 139900 
922 |a 5ΕΛΗ  |b 200710  |c ΕΠΕΑΕΚ2/ΤΜΣΠΣ  |d ΠΑΠΑΑΣΩΤΗΡΙΟΥ 
970 |a ΚΟΝΤΟΥ  |b ΠΑΡΑΣΚΕΥΗ  |z 2007/11/28